000 01149cam a22002651 4500
001 16453
003 BD-RjUL
005 20211209000018.0
008 140213t1960 dcua b 000 0 eng
035 _a(BD-RjUL)16508
035 _a(OCoLC)1038668
040 _aDLC
_cOAU
_dOCoLC
_dDLC
_dBD-RjUL
_beng
041 _aeng
082 0 0 _a796
_bAMC 1960
110 2 _aAmerican Association for Health, Physical Education, and Recreation.
_950880
245 1 0 _aCurrent administrative problems :
_bathletics, health education, physical education, recreation /
260 _aWashington :
_bAmerican Association for Health, Physical Education, and Recreation,
_c1960.
300 _a197 p. :
_billus. ;
_c24 cm.
500 _a"Prepared by a Joint Committee of the National Assocation of Secondary-School Principals and the American Association for Health, Physical Education and Recreation, under the ... chairmanship of Elmon L. Vernier."
504 _aBibliography: p. 191-197. Bibliographical footnotes.
650 0 _aPhysical education and training
_xAdministration.
_950881
942 _2ddc
_cBK
999 _c16453
_d16453